Lyrics from the Tangled song Mother knows best - Statistics

General Stats
  • This quiz has been taken 347 times
    340 since last reset
  • The average score is 95 of 173
Answer Stats
Answer % Correct
Mother
93%
mother
93%
best.
91%
best,
91%
knows
91%
you.
91%
you
91%
I
88%
a
85%
to
85%
your
80%
the
75%
The
75%
listen
74%
out
69%
it
68%
me
64%
me.
64%
No!
64%
no
64%
there.
63%
scary
62%
world
62%
and
61%
go
61%
with
61%
it's
60%
on
60%
want
58%
men
56%
will
56%
just
55%
teeth
55%
this
55%
leave
53%
poison
53%
ivy,
51%
pointy
51%
protect
51%
here,
50%
here
50%
plague.
50%
stay
50%
up
50%
I'm
48%
mama.
48%
mumsy
48%
one
48%
quicksand,
48%
swear.
48%
that
48%
Yes!
48%
you'll
48%
trust
47%
wuv
47%
another
45%
but
45%
Don't
45%
drama,
45%
not
45%
or
45%
right
45%
stop
45%
tower
45%
something
44%
upset
44%
way
44%
won't
44%
wrong,
44%
is
43%
own
43%
cus
42%
day
42%
knew
42%
Knew
42%
more
42%
nest.
41%
Skip
41%
survive.
41%
was
41%
always
40%
coming.
40%
from
40%
Mother's
40%
mother's
40%
pet.
40%
soon
40%
Soon
40%
thugs,
40%
yet,
40%
you'd
40%
take
39%
chubby.
38%
getting
38%
Ruffians,
38%
snakes.
38%
kinda
37%
saying
36%
cannibals
34%
clumsy,
34%
Plus
34%
what
34%
Guess
33%
All
32%
bugs,
32%
ever
32%
have
32%
again.
31%
Also
31%
ask
31%
well
31%
alive!
30%
eat
30%
large
30%
vague.
30%
bit
29%
Darling
29%
help
29%
they'll
29%
believe,
28%
request.
28%
immature,
27%
please
27%
here's
26%
Sloppy,
26%
understands,
26%
naive,
25%
suggest.
25%
underdressed,
24%
positively
21%
Gullible,
20%
ditzy
19%
grubby,
17%
hmm
16%
No matching quizzes found
Score Distribution
Percent of People with Each Score
Percentile by Number Answered
Your Score History
You have not taken this quiz since the last reset